| 000 | 00779cam a22002054a 4500 | ||
|---|---|---|---|
| 005 | 20250605164226.0 | ||
| 008 | 250528s ||||||||||||||||||||||||d | ||
| 035 | _a20843 | ||
| 020 | _a9789605690137 | ||
| 040 |
_aGR-AtMCL _bgre _dGR-AtMCL _eAACR2 |
||
| 245 | 1 | _aΠολυξένη | |
| 250 | _a1h | ||
| 260 |
_bΠαπαδόπουλος, _c2014 |
||
| 300 | _a28 | ||
| 520 | _aΗ Πολυξένη, με τη βοήθεια των φανταστικών της φίλων, κατορθώνει να εκφραστεί και να ξεπεράσει όλα όσα την κάνουν να αισθάνεται αδύναμη, μόνη και πολύ πολύ ξένη. | ||
| 700 | 1 |
_aΜιχαηλίδου Στέλλα _96818 |
|
| 942 | _cBK | ||
| 999 |
_c5925 _d5925 |
||